书目信息 |
| 题名: |
水患中国
|
|
| 作者: | 徐剑 , 陈昌本 著 | |
| 分册: | ||
| 出版信息: | 南昌 1999.12 |
|
| 页数: | 375页 | |
| 开本: | 32开 | |
| 丛书名: | ||
| 单 册: | ||
| 中图分类: | I25 | |
| 科图分类: | ||
| 主题词: | 报告文学--中国 , 传记文学--中国 | |
| 电子资源: | ||
| ISBN: | 7-80647-212-6 | |
| 000 | 00582nam0 2200217 45 | |
| 001 | 0103281007 | |
| 005 | 20010328103259.9 | |
| 010 | @a7-80647-212-6@d16.90元 | |
| 100 | @a20010328d1999 km y0chiy0120 ea | |
| 101 | 0 | @achi |
| 105 | @a z 000yy | |
| 200 | 1 | @a水患中国@AShui Huan Zhong Guo@f徐剑,陈昌本著@FXu Jian,Chen Chang Ben Zhu |
| 210 | @a南昌@d1999.12 | |
| 215 | @a375页@d32开 | |
| 606 | 0 | @a报告文学@x中国 |
| 606 | 0 | @a传记文学@x中国 |
| 690 | @aI25@v3 | |
| 701 | 0 | @a徐剑@4著 |
| 701 | 0 | @a陈昌本@4著 |
| 801 | @aCN@bPftUser@c20010328 | |
| 905 | @b333072@dI25@eX.451/1@f1 | |
| 水患中国/徐剑,陈昌本著.-南昌,1999.12 |
| 375页;32开 |
| ISBN 7-80647-212-6:16.90元 |
| ● |
| 相关链接 |
|
|
|
正题名:水患中国
索取号:I25/X.451/1
 
预约/预借
| 序号 | 登录号 | 条形码 | 馆藏地/架位号 | 状态 | 备注 |
| 1 | 333072 | 203330724 | 文学库108/108文学库 66排2列1层/ [索取号:I25/X.451/1] | 在馆 |